| 000 | 00781cab a2200277 4500 | ||
|---|---|---|---|
| 001 | ABS47382 | ||
| 008 | 090401t1992 xxu||||| |||| 00| 0 eng d | ||
| 035 | _a(Sirsi) u61787 | ||
| 041 | _aeng | ||
| 245 | _aStill waiting | ||
| 260 | _c1992 | ||
| 350 | _a0 | ||
| 490 |
_aBuilding Market Report _vNovember 1992, 10-15(6) |
||
| 520 | _aAnalyses statistics for new orders in the housing and construction industry during the third quarter of 1992. | ||
| 650 | _aBUILT ENVIRONMENT-BUILDING MATERIALS | ||
| 650 | _aCONSTRIUCTION MARKET | ||
| 650 | _aNEW BUILD | ||
| 650 | _aOUTPUT | ||
| 650 | _aPROPERTY TRANSACTIONS | ||
| 650 | _aREGIONAL TRENDS | ||
| 650 | _aSTAMP DUTY | ||
| 650 | _aSTATISTICS | ||
| 690 | _aBUILT ENVIRONMENT | ||
| 942 | _n0 | ||
| 948 | _c04/03/1997 | ||
| 999 |
_c38318 _d38318 |
||